• 首页
  • 本馆介绍
  • 公告通知
  • 最新文献
  • 馆藏检索
  • 电子资源
  • 读者导购
  • 参考咨询
  • 我的图书馆
  • 登录
  • 详细信息显示
  • 放入我的书架
  • 预约/预借图书
  • 作者相关作品
  • 分类相关作品
  • 丛书相关作品
  • 出版社相关作品

书目信息

  • 表格格式
  • 工作单格式
  • 卡片格式
题名:
工业企业质量管理
    
 
作者: 顾政 编
分册:  
出版信息: 北京   中国轻工业出版社  1991
页数: 263页
开本: 21cm
丛书名:
单 册:
中图分类: F406.3
科图分类:
主题词: 工业经济--经济理论
电子资源:
ISBN: 7-5019-1148-7
000 00596nam0 2200205 450
001 0653913218
005 20060810150015.25
010    @a7-5019-1148-7@dCNY6.30
100    @a20060810d1991 km y0chiy0120 ea
101 0  @achi
102    @aCN@b110000
200 1  @a工业企业质量管理@Agong ye qi ye zhi liang guan li@f顾政编@Fgu zheng bian
210    @a北京@c中国轻工业出版社@d1991
215    @a263页@d21cm
300    @a轻工业企业管理干部岗位职务培训教材
606 0  @a工业经济@x经济理论
690    @aF406.3@v3
701  0 @a顾政@Agu zheng@4编
801  0 @aCN@bPFT@c20060810
905    @a10447@dF406.3@e174
    
    工业企业质量管理/顾政编.-北京:中国轻工业出版社,1991
    263页;21cm
    轻工业企业管理干部岗位职务培训教材
    
    ISBN 7-5019-1148-7:CNY6.30
    
●
相关链接 在E读中查询图书 在五车中查询图书 在当当中查询图书 在豆瓣中查询图书


正题名:工业企业质量管理     索取号:F406.3/174         预约/预借

序号 登录号 条形码 馆藏地/架位号 状态 备注
1 0448462   204484628   密集书库/ [索取号:F406.3/174] 在馆    
唐山师范学院图书馆 欢迎您!
大连网信软件有限公司© 版权所有